LEADER 01386nam a2200241 i 4500 001 000000151636 003 CaOOAMICUS 005 20060707000000.0 008 060707s2006 it u000 u ita u 013 $a128975 040 $aSeMil$bita 245 14$aĞLa formazione umana, fondamento dell'intera formazione sacerdotaleğ (Pastores dabo vobis 43) :$bAtti 1° Convegno Regionale Seminaristi della Calabria, 21-23 settembre 2005 Gambarie d'Aspromonte (RC) /$cConferenza Episcopale Calabra , Commissione per il Clero e la Vita Consacrata. 260 $aVilla San Giovanni :$bOfficina Grafica,$cCopyr. 2006. 300 $a163 p. :$bill. ;$c24 cm. 500 $aContiene : Appendice. - Dono del card. Dionigi Tettamanzi. 650 4$aSacerdozio - Formazione.$0(OLS)http://semarc/subject/1958 700 1 $aConferenza Episcopale Calabra.$0(OLS)http://semarc/name/49481 850 $aSeMil 852 $aSeMil$W1$xVenegono$y1$m1399 1 *$j103648$B103648$CSeMilBibl$Z2$F112725 $81 941 1 $a5 961 $aOmaggio: Tettamanzi Card. Dionigi 996 $6245$aĞLa formazione umana, fondamento dell'intera formazione sacerdotaleğ (Pastores dabo vobis 43) :$bAtti 1° Convegno Regionale Seminaristi della Calabria, 21-23 settembre 2005 Gambarie d'Aspromonte (RC)$9(OLS)http://semarc/title/221609 996 $6260$aVilla San Giovanni :$bOfficina Grafica$9(OLS)http://semarc/publisher/47960 LEADER 01166nam a2200241 i 4500 001 000000123592 003 CaOOAMICUS 005 20040227000000.0 008 040227n it u000 u ita u 013 $a96288 040 $aSeMil$bita 100 1 $aMassi, E. G.$0(OLS)http://semarc/name/51302 245 10$aDescrizione ristretta dei musei dell'antica scultura greca e romana nel palazzo Vaticano :$bcon aggiunta... /$cper il Prof. Cav. E. G. Massi. 260 $aRoma :$bTipografia Vaticana,$c[1905] ?. 300 $a122 p. ;$c21 cm. 500 $aIn testa al front. : Dedica autografa dell'autore al Card. Ferrari. - Fondo Card. C.M. Martini. 650 4$aCittà del Vaticano - Musei Vaticani - Pinacoteca vaticana.$0(OLS)http://semarc/subject/23176 850 $aSeMil 852 $aSeMil$W1$xVenegono$y1$m5Q I 46$j78264$B78264$CSeMilBibl$Z2$F80486 $81 941 1 $a4 961 $aOmaggio: Martini Card. Carlo Maria 996 $6245$aDescrizione ristretta dei musei dell'antica scultura greca e romana nel palazzo Vaticano :$bcon aggiunta...$9(OLS)http://semarc/title/181733 996 $6260$aRoma :$bTipografia Vaticana$9(OLS)http://semarc/publisher/30672